Exploring people of the Old Testament / (Record no. 11052)
[ view plain ]
| 000 -LEADER | |
|---|---|
| fixed length control field | 01205cam a2200349Ia 4500 |
| 001 - CONTROL NUMBER | |
| control field | 70689089 |
| 003 - CONTROL NUMBER IDENTIFIER | |
| control field | OCoLC |
| 005 - DATE AND TIME OF LATEST TRANSACTION | |
| control field | 20221119105341.0 |
| 008 - FIXED-LENGTH DATA ELEMENTS--GENERAL INFORMATION | |
| fixed length control field | 060725m20069999miu e b 000 0ceng d |
| 020 ## - INTERNATIONAL STANDARD BOOK NUMBER | |
| International Standard Book Number | 0825433843 (v. 1) |
| 020 ## - INTERNATIONAL STANDARD BOOK NUMBER | |
| International Standard Book Number | 9780825433849 (v. 1) |
| 020 ## - INTERNATIONAL STANDARD BOOK NUMBER | |
| International Standard Book Number | 0825433851 (v. 2) |
| 020 ## - INTERNATIONAL STANDARD BOOK NUMBER | |
| International Standard Book Number | 9780825433856 (v. 2) |
| 020 ## - INTERNATIONAL STANDARD BOOK NUMBER | |
| International Standard Book Number | 082543386X (v. 3) |
| 020 ## - INTERNATIONAL STANDARD BOOK NUMBER | |
| International Standard Book Number | 9780825433863 (v. 3) |
| 035 ## - SYSTEM CONTROL NUMBER | |
| System control number | (OCoLC)70689089 |
| Canceled/invalid control number | (OCoLC)456845142 |
| 040 ## - CATALOGING SOURCE | |
| Original cataloging agency | IMD |
| Transcribing agency | IMD |
| Modifying agency | CFT |
| -- | BAKER |
| -- | BTCTA |
| -- | YDXCP |
| -- | ZHK |
| -- | ITC |
| -- | MZN |
| 050 ## - LIBRARY OF CONGRESS CALL NUMBER | |
| Item number | P558E |
| 082 ## - DEWEY DECIMAL CLASSIFICATION NUMBER | |
| Item number | P558E |
| 090 ## - LOCALLY ASSIGNED LC-TYPE CALL NUMBER (OCLC); LOCAL CALL NUMBER (RLIN) | |
| Classification number (OCLC) (R) ; Classification number, CALL (RLIN) (NR) | BS571 |
| Local cutter number (OCLC) ; Book number/undivided call number, CALL (RLIN) | .P55 |
| 100 1# - MAIN ENTRY--PERSONAL NAME | |
| Personal name | Phillips, John, |
| Dates associated with a name | 1927- |
| 245 10 - TITLE STATEMENT | |
| Title | Exploring people of the Old Testament / |
| Statement of responsibility, etc. | John Phillips |
| 260 ## - PUBLICATION, DISTRIBUTION, ETC. | |
| Place of publication, distribution, etc. | Grand Rapids, MI : |
| Name of publisher, distributor, etc. | Kregel Publications, |
| Date of publication, distribution, etc. | 2006-2007 |
| 300 ## - PHYSICAL DESCRIPTION | |
| Extent | 3 v. ; |
| Dimensions | 24 cm |
| 490 1# - SERIES STATEMENT | |
| Series statement | The John Phillips Bible characters series |
| 504 ## - BIBLIOGRAPHY, ETC. NOTE | |
| Bibliography, etc. note | Includes bibliographical references |
| 505 00 - FORMATTED CONTENTS NOTE | |
| Miscellaneous information | v. 1. |
| Title | [Adam-Ehud] |
| Miscellaneous information | (298 p.) -- |
| -- | v. 2. |
| Title | [Barak-Jabez] |
| Miscellaneous information | (285 p.) -- |
| -- | v. 3. |
| Title | [The old prophet and his guile-Joshua] |
| Miscellaneous information | (298 p.) |
| 630 00 - SUBJECT ADDED ENTRY--UNIFORM TITLE | |
| Uniform title | Bible. |
| Name of part/section of a work | Old Testament |
| Form subdivision | Biography |
| 630 00 - SUBJECT ADDED ENTRY--UNIFORM TITLE | |
| Uniform title | Bible. |
| Form subdivision | Commentaries |
| 830 #0 - SERIES ADDED ENTRY--UNIFORM TITLE | |
| Uniform title | John Phillips Bible characters series |
| 942 ## - ADDED ENTRY ELEMENTS (KOHA) | |
| Source of classification or shelving scheme | Dewey Decimal Classification |
| Koha item type | Books |
| Withdrawn status | Lost status | Source of classification or shelving scheme | Damaged status | Not for loan | Collection code | Home library | Current library | Shelving location | Date acquired | Full call number | Barcode | Date last seen | Price effective from | Koha item type |
|---|---|---|---|---|---|---|---|---|---|---|---|---|---|---|
| Dewey Decimal Classification | Non-fiction | Harvest Mission College | Harvest Mission College | General Stacks | 30.11.2022 | 221.92 P558E | 012931 | 30.11.2022 | 30.11.2022 | Books |
